00883cam a22002774a 450000100090000000300040000900500170001300800410003001000170007102000220008803800120011004000180012204200080014005000210014808200190016910000220018824500710021025000120028126000510029330000350034450000940037950400640047356300070053765000140054470000470055813076272OSt20211210112913.0030131s2004 nyua b 001 0 eng  a 2003042609 a1401804691 (core) akhadija aDLCcDLCdDLC apcc00aTP1120b.L6 200400a668.4221bLOK1 aLokensgard, Erik.10aIndustrial plastics :btheory and applications /cErik Lokensgard. a4th ed. aAlbany, NY :bThomson Delmar Learning,cc2004. axvii, 528 p. :bill. ;c28 cm. aFirst-2nd ed. by Terry L. Richardson; 3rd ed. by Terry L. Richardson and Erik Lokensgard. aIncludes bibliographical references (p. 517-519) and index. aPB 0aPlastics.1 aRichardson, Terry L.tIndustrial plastics.